| 000 | 00981nam a2200253 i 4500 | ||
|---|---|---|---|
| 001 | bg | ||
| 100 | 1 | _aBarr, Adam. | |
| 245 | 1 | 0 |
_aSztuka analizowania kodu : _bznajdź błąd : zbiór łamigłówek i szarad dla programistów / _cAdam Barr ; [tł. Bartłomiej Garbacz]. |
| 260 |
_aGliwice : _b"Helion", _c2005. |
||
| 300 |
_a284 s. ; _c24 cm. |
||
| 500 | _aU dołu s. tyt. i okł.: poznaj rodzaje błędów, naucz się analizować kod, wyszukaj pułapki w kodzie źródłowym, znajdź błędy w programach napisanych w różnych językach". | ||
| 504 | _aIndeks. | ||
| 650 | 9 |
_aProgramy komputerowe _xbadanie |
|
| 655 | _aPodręczniki | ||
| 700 | 1 |
_aGarbacz, Bartłomiej. _eTł. |
|
| 020 | _a8373618554 | ||
| 040 | _cBPK | ||
| 041 | 1 |
_apol _heng |
|
| 080 | _a004.42.052(07) | ||
| 920 | _a83-7361-855-4 | ||
| 942 | _cKS | ||
| 008 | s pl f |000 0 pol | ||
| 999 |
_c46629 _d46629 |
||
| 856 |
_uhttp://koha.tu.koszalin.pl/cgi-bin/koha/opac-detail.pl?biblionumber=46629 _yKatalog online BPK |
||